=LDR 00000nam 2200000 4500 =001 INLIS000000000053047 =005 20180328081525 =035 ##$$a 0010-0318000274 =007 ta =008 180328###########################0###### =084 ##$$a 362.293 =100 #$$a puspensos =245 1#$$a 10 hal yang harus diketahui agar terbebas dari narkoba =260 ##$$a Jakarta :$b dapartemen sosial ri,$c 2006 =990 ##$$a 65646564 =990 ##$$a 31011463